[Event "London Invitation"]
[Site "London"]
[Date "1973.09.09"]
[Round "5"]
[White "Knox, Victor W"]
[Black "Horner, Jeff"]
[Result "0-1"]
[WhiteElo "2370"]
[BlackElo "2400"]
[PlyCount "76"]
[EventDate "1973.09.07"]
[EventType "swiss"]
[EventRounds "5"]
[EventCountry "ENG"]
[Source "John Saunders"]
[SourceDate "2015.07.14"]

1. e4 e5 2. Nf3 Nc6 3. d4 exd4 4. Nxd4 Bc5 5. Nb3 Bb6 6. a4 a6 7. a5 Ba7 8. Nc3
d6 9. Be2 Nge7 10. O-O O-O 11. Kh1 (11. Bg5) 11... Be6 12. f4 f5 13. Bd3 Qe8
14. Qe2 fxe4 (14... Nb4 $15) 15. Nxe4 Nf5 16. g4 $1 Nfd4 17. Nxd4 Nxd4 18. Qg2
h6 $6 19. f5 $1 Bd7 20. Bd2 (20. Bxh6 $6 gxh6 21. g5 Kh8 $1 22. f6 $13) 20...
Bc6 21. Rae1 Qf7 22. f6 g5 $2 (22... Rae8) 23. h4 $1 Ne6 24. Qh3 (24. hxg5 $1
hxg5 25. Qh3 Qh7 26. Qxh7+ Kxh7 27. Kh2 $1 Kg8 28. f7+ Rxf7 29. Nf6+ $18) 24...
Rae8 25. hxg5 hxg5 26. Kh2 $3 {(/\Kg3, Rh1, Qh8#)} Bd4 27. Rf5 $1 $18 (27. Qh6
$1 $18) 27... Be5+ 28. Rxe5 $1 dxe5 29. Qh6 $1 Qd7 30. Qg6+ Kh8 31. Nxg5 (31.
Rh1 $1 $18 Rf7 32. Kg1+ Rh7 33. f7 Rxh1+ 34. Kxh1 $18) 31... e4 32. f7 (32. Rh1
$18) 32... Qd6+ 33. Kg1 Qg3+ 34. Kf1 Nxg5 35. Bc3+ $4 (35. Qf6+ $1 Kh7 36. Qf5+
Kg7 37. Bc3+ $18) 35... Re5 36. Qxg5 $4 (36. Qh6+ Nh7 37. Qe6 $11) 36... Rxf7+
37. Ke2 exd3+ 38. Kd1 Qxe1+ 0-1

[Event "London Invitation"]
[Site "London"]
[Date "1973.09.09"]
[Round "5"]
[White "Johnston, Dafydd R"]
[Black "Speelman, Jonathan S"]
[Result "0-1"]
[WhiteElo "2160"]
[BlackElo "2255"]
[PlyCount "92"]
[EventDate "1973.09.07"]
[EventType "swiss"]
[EventRounds "5"]
[EventCountry "ENG"]
[Source "John Saunders"]
[SourceDate "2015.07.14"]

1. e4 c5 2. Nc3 Nc6 3. Nf3 d6 4. d4 cxd4 5. Nxd4 Nf6 6. Bg5 Bd7 7. Qd2 Rc8 8.
O-O-O Nxd4 9. Qxd4 Qa5 10. f4 e6 11. e5 dxe5 12. fxe5 Rxc3 13. Bd2 Qxa2 14.
Bxc3 g6 15. b3 Nd5 16. Bc4 Bc6 17. Bxd5 Bxd5 18. Rd3 Be7 19. Rg1 b5 20. Rh3 a5
21. Qe3 a4 22. bxa4 bxa4 23. Kd2 Bb3 24. Qd3 Bg5+ 25. Ke1 Bc4 26. Qe4 O-O 27.
Kf2 Bb3 28. Ra1 Qxc2+ 29. Qxc2 Bxc2 30. Ke2 Rd8 31. Rf3 Bb3 32. g3 Be7 33. Rc1
Ba3 34. Ra1 Bf8 35. Rc1 Rc8 36. Bd2 Rxc1 37. Bxc1 Kg7 38. Kd3 Bd5 39. Rf4 a3
40. Ra4 a2 41. Be3 h6 42. Ke2 g5 43. g4 Kg6 44. Kf2 h5 45. gxh5+ Kxh5 46. Kg3
Bb4 0-1

[Event "London Invitation"]
[Site "London"]
[Date "1973.09.09"]
[Round "5"]
[White "Povah, Nigel E"]
[Black "Perkins, Alan H"]
[Result "0-1"]
[WhiteElo "2255"]
[BlackElo "2305"]
[PlyCount "78"]
[EventDate "1973.09.07"]
[EventType "swiss"]
[EventRounds "5"]
[EventCountry "ENG"]
[Source "John Saunders"]
[SourceDate "2015.07.14"]

1. e4 c5 2. d4 cxd4 3. c3 dxc3 4. Nxc3 Nc6 5. Nf3 d6 6. Bc4 e6 7. O-O Be7 8.
Qe2 a6 9. Rd1 Bd7 10. a4 Rc8 11. Bf4 e5 12. Be3 Nf6 13. h3 O-O 14. Rac1 h6 15.
Ba2 Qe8 16. Nh4 Nb4 17. Bb1 Be6 18. f4 Rc6 19. Nf3 Qb8 20. Qd2 Rfc8 21. Rf1 Bd8
22. Kh2 b5 23. f5 Bc4 24. Bxh6 Bxf1 25. Rxf1 gxh6 26. Qxh6 d5 27. Kh1 dxe4 28.
Ng5 Rxc3 29. bxc3 Rxc3 30. Bxe4 Be7 31. Ne6 fxe6 32. fxe6 Qf8 33. Bh7+ Nxh7 34.
Rxf8+ Nxf8 35. Qh5 Nxe6 36. Qxe5 Rc1+ 37. Kh2 Rc6 38. axb5 Bd6 39. bxc6 Bxe5+
0-1